[Event "Haustmot TR"]
[Site "Reykjavik Chess Club, Faxafen 12, 105 Reykjavik"]
[Date "2016.10.12"]
[Round "7.7"]
[White "Magnusson, Thorsteinn"]
[Black "Thrastarson, Tryggvi K"]
[Result "1-0"]
[WhiteElo "1415"]
[BlackElo "1450"]

1.d4 d5 2.Bf4 Nf6 3.e3 a6 4.h3 e6 5.Nf3 Nc6 6.Bd3 b5 7.c3 Bb7 8.O-O Nb8 9.a4
c6 10.Nbd2 Bd6 11.Bxd6 Qxd6 12.Ne5 O-O 13.b4 Nbd7 14.f4 bxa4 15.Rxa4 Ra7
16.Qe2 Rfa8 17.Rfa1 Nb8 18.g4 Nfd7 19.g5 g6 20.h4 Qc7 21.Nb3 f6 22.Nxd7 Qxd7
23.Nc5 Qf7 24.Nxa6 fxg5 25.hxg5 Bxa6 26.Bxa6 Qc7 27.R4a2 Qb6 28.Bc8 Rxa2
29.Bxe6+ Kg7 30.Rxa2 Rxa2 31.Qxa2 Qa6 32.Qa5 Qb7 33.Qd8 {#r} 1-0

[Event "Haustmot TR"]
[Site "Reykjavik Chess Club, Faxafen 12, 105 Reykjavik"]
[Date "2016.10.12"]
[Round "7.9"]
[White "Olafsson, Arni"]
[Black "Karlsson, Isak Orri"]
[Result "0-1"]
[WhiteElo "1156"]
[BlackElo "1148"]

1.e4 e5 2.Nf3 Nc6 3.Nc3 Nf6 4.a3 d5 5.exd5 Nxd5 6.Nxd5 Qxd5 7.d3 Bg4 8.Be2
O-O-O 9.Bg5 f6 10.Bh4 e4 11.dxe4 Qa5+ 12.Nd2 Bxe2 13.Qxe2 Nb4 14.O-O-O Nc6
15.Nb1 Bd6 16.f3 Bf4+ 17.Nd2 Nb4 18.Kb1 Nc6 19.Nb3 Qe5 20.h3 Bh6 21.Bf2 g5
22.Rde1 Bg7 23.c3 f5 24.exf5 Qxf5+ 25.Ka1 Rd7 26.Rd1 Re7 27.Qc4 Rhe8 28.Qg4
Qxg4 29.hxg4 h6 30.Rhe1 b6 31.Rxe7 Rxe7 32.Rd2 Ne5 33.Bd4 Nc4 34.Rf2 Bf8
35.Nd2 Na5 36.Ne4 Nb3+ 37.Kb1 Nxd4 38.cxd4 Bg7 39.Rd2 Rd7 40.d5 Kd8 41.Kc2 Be5
42.Kb3 Kc8 43.Kc4 Kb7 44.Kb5 Bf4 45.Rd3 Bc1 46.b4 a6+ 47.Kc4 Bb2 48.b5 a5
49.a4 Be5 50.Re3 Bf4 51.Rd3 Rh7 52.d6 cxd6 53.Nxd6+ Kb8 54.Ne4 Rc7+ 55.Kb3 Kc8
56.Rc3 Kd7 57.Rxc7+ Bxc7 58.Nf6+ Ke6 59.Ne4 Ke5 60.Kc3 Kd5 61.Nd2 Be5+ 62.Kd3
Kc5 63.Nc4 Bc7 64.Kc3 Bd8 65.Nd2 Bf6+ 66.Kb3 Kd4 67.Kc2 Ke3 68.Ne4 Be5 69.Kd1
Kd4 70.Kd2 Kc4 71.Kc2 Kb4 72.g3 {#R} 0-1

[Event "Haustmot TR"]
[Site "Reykjavik Chess Club, Faxafen 12, 105 Reykjavik"]
[Date "2016.10.14"]
[Round "8.1"]
[White "Ulfsson, Olafur Evert"]
[Black "Hakonarson, Sverrir"]
[Result "1-0"]
[WhiteElo "1464"]
[BlackElo "1338"]

1.e4 d5 2.exd5 Qxd5 3.Nc3 Qd6 4.d4 Nf6 5.Nf3 Bg4 6.Be3 c6 7.Bc4 e6 8.h3 Bh5
9.g4 Bg6 10.Ne5 Qd8 11.a3 Nbd7 12.Nxg6 hxg6 13.f4 Nb6 14.Be2 Nfd5 15.Qd2 Bd6
16.O-O-O Qc7 17.Rdf1 O-O-O 18.f5 gxf5 19.gxf5 e5 20.Ne4 Nxe3 21.Nxd6+ Qxd6
22.Qxe3 Qxd4 23.Qxd4 Rxd4 24.Rhg1 Rh7 25.f6 g6 26.Rg5 Rf4 27.Rxe5 Rxf1+
28.Bxf1 Nd5 29.Bc4 Nxf6 30.Re7 Nd5 31.Bxd5 cxd5 32.Re3 f5 33.Rg3 Rg7 34.h4 Kd7
35.h5 Rh7 36.hxg6 Rg7 37.Kd2 Ke6 38.Ke3 Kf6 39.Kd4 Rxg6 40.Rb3 Rg7 41.Kxd5 Re7
42.Kd4 f4 43.Rb5 f3 44.Rb3 Rc7 45.Rxf3+ Ke6 46.c4 Rh7 47.Kc5 Rh2 48.Rb3 Rh5+
49.Kb4 Kd6 50.Rg3 Kc6 51.Rg7 Kb6 52.a4 Rh3 53.a5+ Ka6 54.Rg6+ {#r} 1-0

[Event "Haustmot TR"]
[Site "Reykjavik Chess Club, Faxafen 12, 105 Reykjavik"]
[Date "2016.10.14"]
[Round "8.2"]
[White "Briem, Hedinn"]
[Black "Vignisson, Ingvar Egill"]
[Result "0-1"]
[WhiteElo "1563"]
[BlackElo "1554"]

1.e4 c5 2.Nf3 d6 3.d4 cxd4 4.Nxd4 Nf6 5.Nc3 a6 6.Be2 e5 7.Nb3 Be7 8.O-O O-O
9.Be3 Be6 10.f4 exf4 11.Rxf4 Nc6 12.Nd5 Bxd5 13.exd5 Ne5 14.Qd2 b5 15.Raf1 Rc8
16.Bd3 Nfg4 17.Bf5 Nc4 18.Bxh7+ Kh8 19.Qe2 Ncxe3 20.Rxg4 Nxg4 21.Bf5 Rc4
22.Bxg4 Bf6 23.c3 Be5 24.Qf3 Bxh2+ 25.Kxh2 Qh4+ 26.Bh3 g5 27.Nd4 f5 28.Ne6 Rf6
29.g3 Qh6 30.Kg2 Qxh3+ 31.Kxh3 g4+ 32.Kg2 gxf3+ 33.Rxf3 Re4 34.Kf2 a5 35.b3 b4
36.c4 Kg8 37.Nf4 Re7 38.Nh5 Rf8 39.Nf4 Ra7 40.Nd3 Rh7 41.Kg2 Kg7 42.Nf4 Rfh8
43.Re3 Kf7 44.Re6 Rh2+ 45.Kf3 Rxa2 46.Rxd6 Rhh2 47.Re6 Ra3 48.Re3 Rb2 49.d6
Rbxb3 50.Nd5 Rxe3+ 51.Nxe3 b3 52.Kf4 b2 53.d7 Ke7 {#R} 0-1

[Event "Haustmot TR"]
[Site "Reykjavik Chess Club, Faxafen 12, 105 Reykjavik"]
[Date "2016.10.14"]
[Round "8.3"]
[White "Jonasson, Hordur"]
[Black "Magnusson, Thorsteinn"]
[Result "1-0"]
[WhiteElo "1532"]
[BlackElo "1415"]

1.e4 e6 2.d4 d5 3.exd5 exd5 4.Bd3 Bd6 5.Nf3 Ne7 6.O-O Bf5 7.Bxf5 Nxf5 8.Re1+
Be7 9.Qd3 Nd6 10.Bg5 f6 11.Bf4 O-O 12.Qb3 Nc6 13.Qxd5+ Kh8 14.c3 Qd7 15.Nbd2
Rad8 16.Qe6 Qxe6 17.Rxe6 f5 18.d5 Rf6 19.Rxf6 Bxf6 20.dxc6 bxc6 21.Re1 {#r}
1-0

[Event "Haustmot TR"]
[Site "Reykjavik Chess Club, Faxafen 12, 105 Reykjavik"]
[Date "2016.10.14"]
[Round "8.4"]
[White "Sigurvaldason, Hjalmar"]
[Black "Gudmundsson, Gunnar Erik"]
[Result "1-0"]
[WhiteElo "1485"]
[BlackElo "1082"]

1.d4 Nf6 2.e3 e6 3.Bd3 b6 4.f4 Bb7 5.Nf3 d6 6.O-O Nbd7 7.Nbd2 Qc8 8.c4 c5 9.b3
Be7 10.Bb2 Bc6 11.e4 cxd4 12.Nxd4 Nc5 13.Qe2 d5 14.cxd5 exd5 15.e5 Nfe4
16.Nxc6 Qxc6 17.Bb5 Rc8 18.Bxc6+ Rxc6 19.Nxe4 Nxe4 20.Qb5 Bc5+ 21.Kh1 Kd7
22.b4 Nf2+ 23.Rxf2 Bxf2 24.Qxd5+ Kc7 25.Qxf7+ Kb8 26.e6 Rcc8 27.e7 a6 28.Qxg7
Rhe8 29.Qxh7 Ka8 30.Qe4+ Ka7 31.Rd1 Rc7 32.Rd8 b5 33.Rxe8 Rd7 34.Ra8+ Kb6
35.Qe6+ Kc7 36.e8=N+ Kb7 37.Qxa6# 1-0

[Event "Haustmot TR"]
[Site "Reykjavik Chess Club, Faxafen 12, 105 Reykjavik"]
[Date "2016.10.14"]
[Round "8.5"]
[White "Moller, Tomas"]
[Black "Kristjansson, Halldor Atli"]
[Result "0-1"]
[WhiteElo "1028"]
[BlackElo "1417"]

1.e4 c5 2.Nc3 d6 3.f4 e6 4.Nf3 Nf6 5.d3 Nc6 6.g3 b6 7.Bg2 Bb7 8.O-O Be7 9.Re1
O-O 10.d4 cxd4 11.Nxd4 Nxd4 12.Qxd4 d5 13.e5 Bc5 14.Qxc5 bxc5 15.exf6 Qxf6
16.Na4 Qd4+ 17.Be3 Qxa4 18.b3 Qb5 19.c4 Qb6 20.cxd5 Bxd5 21.Bxd5 exd5 22.Rac1
d4 23.Bd2 Rfe8 24.Re5 Rxe5 25.fxe5 Re8 26.Bf4 h6 {#R} 0-1

[Event "Haustmot TR"]
[Site "Reykjavik Chess Club, Faxafen 12, 105 Reykjavik"]
[Date "2016.10.14"]
[Round "8.6"]
[White "Briem, Benedikt"]
[Black "Baldursson, Atli Mar"]
[Result "0-1"]
[WhiteElo "1093"]
[BlackElo "1167"]

1.d4 Nf6 2.c4 d5 3.Nf3 e6 4.e3 Be7 5.Be2 O-O 6.O-O Nbd7 7.b3 b6 8.Bb2 Bb7
9.Nbd2 Re8 10.Ne5 Bd6 11.f4 c5 12.Bh5 Re7 13.Bf3 Qc7 14.Qe2 Rb8 15.Rac1 Ba6
16.a4 Nf8 17.Qf2 N6d7 18.g4 f6 19.Nd3 Rbe8 20.Rfe1 Bb7 21.h4 Kh8 22.Kg2 e5
23.dxe5 fxe5 24.fxe5 Nxe5 25.Nxe5 Bxe5 26.Bxe5 Rxe5 27.cxd5 Bxd5 28.Bxd5 Rxd5
29.Rf1 h6 30.Nc4 Qb7 31.Qf3 Ng6 32.Kh3 Ne5 33.Qg2 Nxc4 34.bxc4 Rxe3+ 35.Kh2
Qc7+ 36.Kh1 Rdd3 37.Rf8+ Kh7 38.Qc2 Qc6+ 39.Kg1 Rg3+ 40.Kf2 Qg2+ {#R} 0-1

[Event "Haustmot TR"]
[Site "Reykjavik Chess Club, Faxafen 12, 105 Reykjavik"]
[Date "2016.10.14"]
[Round "8.7"]
[White "Heidarsson, Arnar"]
[Black "Davidsson, Stefan Orri"]
[Result "1-0"]
[WhiteElo "1340"]
[BlackElo "1386"]

1.d4 Nf6 2.Bf4 e6 3.Nf3 b6 4.Nbd2 Bb7 5.e3 d6 6.Bd3 Be7 7.h3 Nbd7 8.c3 c5
9.Qe2 O-O 10.O-O h6 11.Nc4 Qc7 12.a4 Ba6 13.Rfc1 Bxc4 14.Bxc4 e5 15.Bh2 Ne4
16.Bd5 Nef6 17.Bxa8 Rxa8 18.dxe5 Nxe5 19.Nxe5 dxe5 20.Rd1 Bd6 21.f3 Rd8 22.Rd2
e4 23.Bxd6 Rxd6 24.Rxd6 exf3 25.Qxf3 Qxd6 26.Rd1 Qe7 27.e4 a6 28.Re1 {#r} 1-0

[Event "Haustmot TR"]
[Site "Reykjavik Chess Club, Faxafen 12, 105 Reykjavik"]
[Date "2016.10.14"]
[Round "8.8"]
[White "Karlsson, Isak Orri"]
[Black "Alexandersson, Orn"]
[Result "1-0"]
[WhiteElo "1148"]
[BlackElo "1217"]

1.e4 e6 2.Nf3 c5 3.Nc3 Nc6 4.d4 cxd4 5.Nxd4 Nf6 6.Nxc6 bxc6 7.e5 Nd5 8.Ne4 h6
9.a4 f5 10.Qh5+ Ke7 11.Nd6 Qa5+ 12.Bd2 Qxd2+ 13.Kxd2 Kd8 14.Nf7+ Kc7 15.Nxh8
Nf4 16.Qf3 Nd5 17.Bc4 Nb4 18.c3 Na6 19.Bxa6 Bxa6 20.Ng6 Bc5 21.Kc2 {#r} 1-0

[Event "Haustmot TR"]
[Site "Reykjavik Chess Club, Faxafen 12, 105 Reykjavik"]
[Date "2016.10.14"]
[Round "8.9"]
[White "Thrastarson, Tryggvi K"]
[Black "Thorisson, Benedikt"]
[Result "1-0"]
[WhiteElo "1450"]
[BlackElo "1169"]

1.d4 d5 2.c4 e6 3.cxd5 exd5 4.e3 Nf6 5.h3 Bb4+ 6.Bd2 Nc6 7.Bb5 Bxd2+ 8.Nxd2
Bd7 9.Ne2 O-O 10.O-O Ne7 11.Bxd7 Qxd7 12.b4 Nf5 13.Re1 Qe7 14.Qb3 Ne4 15.Qxd5
Nxd2 16.Qxf5 Qxb4 17.Qc2 Nc4 18.Rab1 Na3 19.Qb3 a5 20.Qxb4 axb4 21.Rb3 Nc2
22.Reb1 Rxa2 23.Nc1 Ra3 24.Nd3 f6 25.Nxb4 Nxb4 26.Rxb4 b6 27.Rc1 Rc8 28.Rxb6
Raa8 29.Rbc6 Ra7 30.g4 Kf7 31.Kg2 Kg6 32.Kg3 Kg5 33.Rd1 f5 34.f4# 1-0

[Event "Haustmot TR"]
[Site "Reykjavik Chess Club, Faxafen 12, 105 Reykjavik"]
[Date "2016.10.14"]
[Round "8.10"]
[White "Kristbergsson, Bjorgvin"]
[Black "Omarsson, Adam"]
[Result "0-1"]
[WhiteElo "1081"]
[BlackElo "1065"]

1.f4 d5 2.d4 Nf6 3.Nf3 Bf5 4.Nc3 e6 5.a3 Nbd7 6.h3 Be7 7.g3 O-O 8.Rg1 h6 9.Be3
c5 10.Qd2 b6 11.O-O-O cxd4 12.Bxd4 Nc5 13.Bxc5 Bxc5 14.e3 b5 15.g4 Bg6 16.g5
hxg5 17.Nxg5 a6 18.Bd3 Rb8 19.Bxg6 fxg6 20.Nxe6 Qb6 21.Na4 Qxe6 22.Nxc5 Qb6
{#R} 0-1